Score 0/20 Timer 07:00
1 Play Today
Clue Title % Correct
CC-22Catch-22
82.7%
INVISIBL MNInvisible Man
80.1%
ULSSSUlysses
80.1%
G GSBThe Great Gatsby
72.9%
BV NW WLDBrave New World
69%
I, CLUDIUSI, Claudius
64.1%
SLUGUS-FIVSlaughterhouse-Five
52.6%
SUND ND FUThe Sound and the Fury
41.6%
SNS ND LVSSons and Lovers
29.4%
LLILolita
21.4%
Clue Title % Correct
NINN IG FU*1984
16.8%
GS F WThe Grapes of Wrath
14.9%
NIV SNNative Son
13.1%
UND VLCNUnder the Volcano
9.6%
I F IS S UNG MNA Portrait of the Artist as a Young Man
9%
DKNSS NNDarkness at Noon
7.2%
LIGUSTo The Lighthouse
2.7%
IS LNL UNThe Heart is a Lonely Hunter
2.5%
W F LL FLSThe Way of All Flesh
2.2%
N MICN GDAn American Tragedy
1.9%
Remove Ads.
Support Sporcle.
Get the best of Sporcle when you Go Orange. This ad-free experience offers more features, more stats, and more fun while also helping to support Sporcle. Thank you for becoming a member.

You're not logged in!

Compare scores with friends on all Sporcle quizzes.
OR
Log In

Show Comments

Extras

Top Quizzes Today


Score Distribution

Your Account Isn't Verified!

In order to create a playlist on Sporcle, you need to verify the email address you used during registration. Go to your Sporcle Settings to finish the process.

Report this User

Report this user for behavior that violates our Community Guidelines.

Details: